| 000 | 00611nam a2200193Ia 4500 | ||
|---|---|---|---|
| 008 | 120919t2008 xxu||||| |||| 00| 0 sin d | ||
| 041 | _asin | ||
| 080 |
_a8 - 31 (Pransha) _bDAU |
||
| 100 | _aDaudet,Alphonse | ||
| 245 | _aගමේ සිට සිදාදියට ලියමි | ||
| 246 | _aGame Sita Sidadiyata Liyami | ||
| 260 |
_aFast publishers _aColombo _c2008 |
||
| 300 | _b181p, 21 cm | ||
| 500 | _aSinhalese Translation of Alphonse Daudet's of Lettres De Mon Moulin | ||
| 700 |
_aPannawansa Himi, Mandawala _etr. |
||
| 942 | _cBK | ||
| 999 |
_c41612 _d41612 |
||
| 003 | LK-CoDNM | ||
| 040 |
_aLK-CoDNM _dLK-CoDNM _eLK-CoDNM |
||